000 00755nam a2200277 i 4500
001 C2-0248743
003 PPAK
005 20180727212927.0
008 030422s2002 enka|||| ||||| | eng d
020 _a0431147019
040 _aPPAK
_beng
_cPPAK
_erda
082 0 4 _a571.6
_223
090 0 0 _a571.6
_bSNE
_dR
090 0 0 _a571.6
_bSNE
_dRK
100 1 _aSnedden, Robert,
_eauthor
245 1 4 _aThe world of the cell :
_blife on a small scale
264 1 _aOxford :
_bHeinemann Library ,
_c2002
300 _a48 pages :
_bcolour illustrations ;
_c27 cm
336 _2rdacontent
_atext
337 _2rdamedia
_aunmediated
338 _2rdacarrier
_avolume
490 1 _aCells & life
650 1 0 _aCells
830 0 _aCells & life
942 _ddc
_cB
999 _c62364
_d62364